000 00549nam a22001697a 4500
001 45659
003 BD-DhUET
008 250802b xxu||||| |||| 00| 0 eng d
040 _c0
_dBD-DhUET
100 _aTazkia Mim Angona
245 _aDevelopment of a deep learning algorithm for MRI segmentation using an attention-based U-net and Swin transformer
260 _aDhaka
_bInstitute of Information and Communication Technology (IICT), BUET
_c2026
300 _axiii, 74 p.
501 _aOne CD-ROM
504 _aIncludes bibliographies
942 _cTH
999 _c45659
_d45659